Southville International School and Colleges
Your cart is empty.
  • Cart
  • Lists
    Public lists Eva Luna New books Lux_list list_1
    Your lists Log in to create your own lists
  • Log in to your account
  • Your cookies
  • Search history
Southville International School and Colleges
  • Advanced search
  • Recent comments
  • Most popular
  • Libraries

Log in to your account

Log in with GOOGLE


If you do not have an external account, but do have a local account, you can still log in:

  1. Home
  2. MARC view: The legend of the bluebonnet :
Normal view MARC view ISBD view

The legend of the bluebonnet : (Record no. 33828)

[ view plain ]
MARC details
000 -LEADER
fixed length control field 01402cam a2200385 a 4500
001 - CONTROL NUMBER
control field 2332599
003 - CONTROL NUMBER IDENTIFIER
control field OSt
005 - DATE AND TIME OF LATEST TRANSACTION
control field 20140410093043.0
008 - FIXED-LENGTH DATA ELEMENTS--GENERAL INFORMATION
fixed length control field 820701s1983 nyua j 000 0 eng
010 ## - LIBRARY OF CONGRESS CONTROL NUMBER
LC control number 82012391
020 ## - INTERNATIONAL STANDARD BOOK NUMBER
International Standard Book Number 0399209379 :
Terms of availability $10.95
020 ## - INTERNATIONAL STANDARD BOOK NUMBER
International Standard Book Number 0399209387 (pbk.)
040 ## - CATALOGING SOURCE
Original cataloging agency DLC
Transcribing agency DLC
Modifying agency DLC
042 ## - AUTHENTICATION CODE
Authentication code lcac
043 ## - GEOGRAPHIC AREA CODE
Geographic area code n-us-tx
050 00 - LIBRARY OF CONGRESS CALL NUMBER
Classification number E 99.C85
Item number .D4 1983
082 00 - DEWEY DECIMAL CLASSIFICATION NUMBER
Classification number 398.2/42/08997
-- E
100 1# - MAIN ENTRY--PERSONAL NAME
Personal name DePaola, Tomie,
Dates associated with a name 1934-
9 (RLIN) 24569
245 14 - TITLE STATEMENT
Title The legend of the bluebonnet :
Remainder of title an old tale of Texas /
Statement of responsibility, etc retold and illustrated by Tomie dePaola.
260 ## - PUBLICATION, DISTRIBUTION, ETC. (IMPRINT)
Place of publication, distribution, etc New York :
Name of publisher, distributor, etc Putnam,
Date of publication, distribution, etc 1983
300 ## - PHYSICAL DESCRIPTION
Extent [30] p. :
Other physical details col. ill. ;
Dimensions 27 cm.
520 ## - SUMMARY, ETC.
Summary, etc A retelling of the Comanche Indian legend of how a little girl's sacrifice brought the flower called bluebonnet to Texas.
521 ## - TARGET AUDIENCE NOTE
Target audience note
526 ## - STUDY PROGRAM INFORMATION NOTE
Reading level 740
562 ## - COPY AND VERSION IDENTIFICATION NOTE
Number of copies For circulation. 1 copy in the collection
650 #0 - SUBJECT ADDED ENTRY--TOPICAL TERM
Topical term or geographic name as entry element Comanche Indians
General subdivision Folklore.
9 (RLIN) 24570
650 #0 - SUBJECT ADDED ENTRY--TOPICAL TERM
Topical term or geographic name as entry element Indians of North America
Geographic subdivision Texas
General subdivision Folklore.
9 (RLIN) 24571
650 #0 - SUBJECT ADDED ENTRY--TOPICAL TERM
Topical term or geographic name as entry element Bluebonnets (Lupines)
Geographic subdivision Texas
General subdivision Folklore.
9 (RLIN) 24572
650 #1 - SUBJECT ADDED ENTRY--TOPICAL TERM
Topical term or geographic name as entry element Comanche Indians
General subdivision Folklore
9 (RLIN) 24573
650 #1 - SUBJECT ADDED ENTRY--TOPICAL TERM
Topical term or geographic name as entry element Indians of North America
Geographic subdivision Texas
Form subdivision Folklore.
9 (RLIN) 24574
856 42 - ELECTRONIC LOCATION AND ACCESS
Materials specified Publisher description
Uniform Resource Identifier <a href="http://www.loc.gov/catdir/enhancements/fy1206/82012391-d.html">http://www.loc.gov/catdir/enhancements/fy1206/82012391-d.html</a>
906 ## - LOCAL DATA ELEMENT F, LDF (RLIN)
a 7
b cbc
c orignew
d 1
e ocip
f 19
g y-gencatlg
942 ## - ADDED ENTRY ELEMENTS (KOHA)
Source of classification or shelving scheme Library of Congress Classification
Koha item type Books
Holdings
Withdrawn status Lost status Source of classification or shelving scheme Damaged status Home library Current library Shelving location Date acquired Total Checkouts Full call number Barcode Date last seen Copy number Price effective from Koha item type
    Library of Congress Classification   Luxembourg Library Luxembourg Library Scholastic Reading Center Section 10/07/2013   E 99.C85 .D4 1983 LEX2982 04/18/2017 1 10/07/2013 Books

The legend of the bluebonnet :

APA

DePaola T., . (1983). The legend of the bluebonnet. New York: Putnam.

Chicago

DePaola Tomie, . 1983. The legend of the bluebonnet. New York: Putnam.

Harvard

DePaola T., . (1983). The legend of the bluebonnet. New York: Putnam.

MLA

DePaola Tomie, . The legend of the bluebonnet. New York: Putnam. 1983.

  • Place hold
  • Print
  • Cite
  • Add to your cart (remove)
  • Save record
    BIBTEX Dublin Core MARCXML MARC (non-Unicode/MARC-8) MARC (Unicode/UTF-8) MARC (Unicode/UTF-8, Standard) MODS (XML) RIS
  • More searches
    Search for this title in:
    Other Libraries (WorldCat) Other Databases (Google Scholar) Online Stores (Bookfinder.com) Open Library (openlibrary.org)

Exporting to Dublin Core...

SOUTHVILLE LIBRARY

Southville International School and Colleges Library

1281 Tropical Ave. Cor. Luxembourg St., BF Homes International, Las Pinas City

Tel. No. 8256374 / 252358 Loc. 117/146

Powered by Koha